[Event "EU-ch U16 19th"]
[Site "Fermo"]
[Date "2009.09.07"]
[Round "7"]
[White "Piscitelli, Vito"]
[Black "Sagripanti, Michele"]
[Result "1/2-1/2"]
[WhiteElo "2067"]
[BlackElo "1893"]
[PlyCount "43"]
[EventDate "2009.08.31"]
[EventType "swiss"]
[EventRounds "9"]
[EventCountry "ITA"]
[SourceTitle "CBM 132 Extra"]
[Source "ChessBase"]
[SourceDate "2009.11.03"]
[SourceVersion "1"]
[SourceVersionDate "2009.11.03"]
[SourceQuality "1"]

1. e4 e6 2. d4 d5 3. Nd2 Nf6 4. e5 Nfd7 5. Bd3 c5 6. c3 Nc6 7. Ne2 Qb6 8. Nf3 Be7 9. 0-0 Nf8 10. a3 Bd7 11. Bc2 Ng6 12. Rb1 0-0 13. Nf4 cxd4 14. cxd4 Na5 15. Nxg6 fxg6 16. Ng5 Bxg5 17. Bxg5 Rf7 18. a4 Rc8 19. b3 Nc6 20. Be3 Nb4 21. Bd3 Be8 22. Be2 1/2-1/2

[Event "EU-ch U16 19th"]
[Site "Fermo"]
[Date "2009.09.01"]
[Round "2"]
[White "Piscitelli, Vito"]
[Black "Gouliaros Antoniadis, Alexandros"]
[Result "1-0"]
[WhiteElo "2067"]
[BlackElo "1858"]
[PlyCount "67"]
[EventDate "2009.08.31"]
[EventType "swiss"]
[EventRounds "9"]
[EventCountry "ITA"]
[SourceTitle "CBM 132 Extra"]
[Source "ChessBase"]
[SourceDate "2009.11.03"]
[SourceVersion "1"]
[SourceVersionDate "2009.11.03"]
[SourceQuality "1"]

1. e4 c5 2. Nc3 e6 3. f4 Nc6 4. Nf3 d5 5. Bb5 Nge7 6. Qe2 d4 7. Nb1 a6 8. Bxc6+ Nxc6 9. 0-0 Be7 10. a4 0-0 11. Na3 Rb8 12. Nc4 b5 13. Nce5 Nxe5 14. Nxe5 Qc7 15. d3 Bd6 16. Rf3 Bxe5 17. fxe5 f6 18. exf6 Rxf6 19. Rxf6 gxf6 20. axb5 axb5 21. Bh6 e5 22. Rf1 Qf7 23. Qf2 Rb6 24. Qh4 Rd6 25. Rf3 Qa2 26. h3 Kf7 27. Bg5 Ke8 28. Bxf6 Qb1+ 29. Kh2 Qxc2 30. Qxh7 Re6 31. Qg8+ Kd7 32. Qd8+ Kc6 33. Qxc8+ Kd6 34. Bd8 1-0

[Event "Rome FIDE op 9th"]
[Site "Rome"]
[Date "2009.05.17"]
[Round "4"]
[White "Piscitelli, Vito"]
[Black "Sibilio, Mario"]
[Result "0-1"]
[WhiteElo "2047"]
[BlackElo "2372"]
[PlyCount "86"]
[EventDate "2009.05.15"]
[EventType "swiss"]
[EventRounds "5"]
[EventCountry "ITA"]
[SourceTitle "EXT 2011"]
[Source "ChessBase"]
[SourceDate "2010.11.26"]
[SourceVersion "1"]
[SourceVersionDate "2010.11.26"]
[SourceQuality "1"]

1. e4 d6 2. d4 g6 3. Nc3 a6 4. Be3 b5 5. Qd2 Bb7 6. f3 Nd7 7. a4 bxa4 8. Nge2 Nb6 9. Ng3 h5 10. Bd3 Nf6 11. 0-0 Nfd7 12. Nxa4 Bg7 13. c3 a5 14. Nxb6 Nxb6 15. f4 a4 16. Ne2 d5 17. e5 Nc4 18. Qc1 e6 19. Bf2 h4 20. Qc2 Qd7 21. Ra2 Bc6 22. Rfa1 Rb8 23. Nc1 Bh6 24. Bf1 Na5 25. Nd3 Nb3 26. Re1 Bf8 27. Nc1 Be7 28. Bd3 Kf8 29. Ne2 Kg7 30. Rf1 Bb5 31. Bxb5 Qxb5 32. Rd1 Qc4 33. Kh1 Nxd4 34. Nxd4 Qxa2 35. Rd2 Qc4 36. Bg1 Rh5 37. Rf2 Bc5 38. Rf3 Bxd4 39. Bxd4 c5 40. Be3 Rb3 41. f5 Rxf5 42. Rxf5 exf5 43. Qf2 a3 0-1

[Event "Porto San Giorgio op 20th"]
[Site "Porto San Giorgio"]
[Date "2008.08.22"]
[Round "2"]
[White "Andonov, Bogomil"]
[Black "Piscitelli, Vito"]
[Result "1-0"]
[WhiteElo "2326"]
[BlackElo "2003"]
[PlyCount "59"]
[EventDate "2008.08.21"]
[EventType "swiss"]
[EventRounds "9"]
[EventCountry "ITA"]
[SourceTitle "CBM 126 Extra"]
[Source "ChessBase"]
[SourceDate "2008.11.05"]
[SourceVersion "1"]
[SourceVersionDate "2008.11.05"]
[SourceQuality "1"]

1. d4 Nf6 2. Nf3 g6 3. c4 Bg7 4. Nc3 0-0 5. e4 d6 6. h3 e5 7. d5 Nh5 8. Ng1 Qe8 9. Be2 Nf6 10. g4 a5 11. h4 Na6 12. h5 Nd7 13. Be3 Ndc5 14. Qd2 Qe7 15. Nh3 f6 16. f3 g5 17. Nf2 h6 18. b3 a4 19. Bd1 axb3 20. axb3 Bd7 21. Nb5 b6 22. b4 Nb7 23. Kf1 Nd8 24. Nc3 Nf7 25. Nd3 Rfb8 26. Kg2 Bc8 27. Ba4 Bb7 28. Ra2 Nd8 29. Rha1 Ra7 30. Bc6 1-0

[Event "Porto San Giorgio op 20th"]
[Site "Porto San Giorgio"]
[Date "2008.08.21"]
[Round "1"]
[White "Piscitelli, Vito"]
[Black "Calzetta Ruiz, Monica"]
[Result "1/2-1/2"]
[WhiteElo "2003"]
[BlackElo "2264"]
[PlyCount "31"]
[EventDate "2008.08.21"]
[EventType "swiss"]
[EventRounds "9"]
[EventCountry "ITA"]
[SourceTitle "CBM 126 Extra"]
[Source "ChessBase"]
[SourceDate "2008.11.05"]
[SourceVersion "1"]
[SourceVersionDate "2008.11.05"]
[SourceQuality "1"]

1. e4 c5 2. Nc3 Nc6 3. f4 e6 4. Nf3 d5 5. Bb5 d4 6. Bxc6+ bxc6 7. Ne2 Nf6 8. d3 Be7 9. 0-0 0-0 10. Qe1 c4 11. dxc4 Nxe4 12. Nexd4 Nf6 13. Kh1 Bb7 14. Be3 c5 15. Nb3 Rc8 16. Qa5 1/2-1/2

[Event "Foligno op"]
[Site "Foligno"]
[Date "2008.06.08"]
[Round "5"]
[White "Piscitelli, Vito"]
[Black "Bertini, Nazzareno"]
[Result "1/2-1/2"]
[WhiteElo "1949"]
[BlackElo "1786"]
[PlyCount "96"]
[EventDate "2008.06.06"]
[EventType "swiss"]
[EventRounds "6"]
[EventCountry "ITA"]
[SourceTitle "EXT 2009"]
[Source "ChessBase"]
[SourceDate "2008.11.26"]
[SourceVersion "1"]
[SourceVersionDate "2008.11.26"]
[SourceQuality "1"]

1. e4 e6 2. d3 d5 3. Nd2 Nf6 4. Ngf3 c5 5. g3 b6 6. c3 Be7 7. Bg2 Bb7 8. e5 Nfd7 9. 0-0 0-0 10. Re1 Qc7 11. Nf1 Nc6 12. Bf4 d4 13. c4 a5 14. h4 Rab8 15. N1h2 Nb4 16. a3 Na6 17. a4 Nb4 18. Qe2 Bc6 19. Ng5 g6 20. Ng4 Bxg2 21. Kxg2 Qc6+ 22. f3 Kg7 23. h5 h6 24. Nh3 g5 25. Bd2 Nc2 26. Kh2 Nxa1 27. Rxa1 Bd8 28. f4 f6 29. exf6+ Bxf6 30. fxg5 Bxg5 31. Bxg5 hxg5 32. Nxg5 e5 33. Nxe5 Rbe8 34. Ngf7 Nxe5 35. Nxe5 Qe6 36. Re1 Qf5 37. Kg2 Re6 38. Qe4 Qxe4+ 39. Rxe4 Ref6 40. Ng4 Rf1 41. Re7+ R1f7 42. Re6 Rf3 43. h6+ Kh8 44. Ne5 Rf2+ 45. Kh3 Rg8 46. Re7 Rxb2 47. Nf7+ Kh7 48. Ne5+ Kh8 1/2-1/2

[Event "Zichichi Memorial"]
[Site "Ladispoli"]
[Date "2008.05.??"]
[Round "1"]
[White "Piscitelli, Vito"]
[Black "Gamberale, Francesco"]
[Result "1-0"]
[WhiteElo "1967"]
[BlackElo "1440"]
[PlyCount "31"]
[EventDate "2008.05.01"]
[EventType "swiss"]
[EventRounds "7"]
[EventCountry "ITA"]
[SourceTitle "EXT 2009"]
[Source "ChessBase"]
[SourceDate "2008.11.26"]
[SourceVersion "1"]
[SourceVersionDate "2008.11.26"]
[SourceQuality "1"]

1. e4 e5 2. Nf3 Nc6 3. d4 exd4 4. Nxd4 Bc5 5. Nxc6 Qf6 6. Qd2 Qxc6 7. Nc3 Nf6 8. Bd3 0-0 9. 0-0 Re8 10. Kh1 b6 11. f3 Rb8 12. Qg5 Bd6 13. Bf4 Bxf4 14. Qxf4 Nh5 15. Qh4 Re5 16. Qd8+ 1-0

[Event "Zichichi Memorial"]
[Site "Ladispoli"]
[Date "2008.05.??"]
[Round "2"]
[White "Quimi, Marco"]
[Black "Piscitelli, Vito"]
[Result "1-0"]
[WhiteElo "2253"]
[BlackElo "1967"]
[PlyCount "87"]
[EventDate "2008.05.01"]
[EventType "swiss"]
[EventRounds "7"]
[EventCountry "ITA"]
[SourceTitle "EXT 2009"]
[Source "ChessBase"]
[SourceDate "2008.11.26"]
[SourceVersion "1"]
[SourceVersionDate "2008.11.26"]
[SourceQuality "1"]

1. e4 c5 2. Nf3 d6 3. Bc4 Nc6 4. 0-0 e6 5. Re1 g6 6. d4 Bg7 7. d5 Na5 8. Bb5+ Bd7 9. a4 e5 10. Na3 Bxb5 11. axb5 b6 12. Bd2 Nb7 13. Nc4 Ne7 14. Re3 0-0 15. Rea3 Nc8 16. Qe2 Qd7 17. Ne3 Nd8 18. g4 f6 19. Kh1 Nf7 20. h4 Ne7 21. Rg1 Kh8 22. Nh2 Bh6 23. g5 Bg7 24. gxf6 Bxf6 25. Neg4 Ng8 26. h5 g5 27. Nxf6 Nxf6 28. Bxg5 Nxg5 29. Rxg5 Rg8 30. Rxg8+ Rxg8 31. Rg3 Rxg3 32. fxg3 Qe8 33. g4 Qg8 34. Qf3 Qg5 35. Qf5 Qxf5 36. exf5 h6 37. c4 Ne4 38. Kg2 Kg7 39. Nf3 Kf6 40. Kf1 Ng3+ 41. Kf2 Ne4+ 42. Ke3 Ng3 43. Nd2 Ke7 44. Kf3 1-0

[Event "ITA-ch U20"]
[Site "Fiuggi"]
[Date "2007.07.18"]
[Round "1"]
[White "Piscitelli, Vito"]
[Black "Rombaldoni, Axel"]
[Result "0-1"]
[WhiteElo "1918"]
[BlackElo "2269"]
[PlyCount "90"]
[EventDate "2007.07.18"]
[EventType "swiss"]
[EventRounds "9"]
[EventCountry "ITA"]
[SourceTitle "CBM 119 Extra"]
[Source "ChessBase"]
[SourceDate "2007.09.04"]
[SourceVersion "1"]
[SourceVersionDate "2007.09.04"]
[SourceQuality "1"]

1. e4 c5 2. Nf3 Nc6 3. c4 g6 4. d4 cxd4 5. Nxd4 Bg7 6. Be3 d6 7. Nc3 Nf6 8. Be2 0-0 9. 0-0 Bd7 10. Qd2 Rc8 11. b3 Qa5 12. Rfd1 Rfd8 13. Rac1 a6 14. f3 h5 15. Nxc6 bxc6 16. Nd5 Qxd2 17. Nxf6+ Bxf6 18. Rxd2 c5 19. Rcd1 Kf8 20. f4 Ke8 21. g3 a5 22. Kg2 a4 23. h3 Bg7 24. g4 hxg4 25. Bxg4 f5 26. exf5 gxf5 27. Bh5+ Kf8 28. Kh2 axb3 29. axb3 Rb8 30. Rd3 Bc6 31. Bd2 Ra8 32. Bc3 Bh6 33. Kg3 Rdb8 34. Rg1 Be4 35. Re3 e5 36. Kh4 Bxf4 37. Rxe4 fxe4 38. Rg6 Rxb3 39. Rf6+ Ke7 40. Rf7+ Ke6 41. Be1 Re3 42. Bd2 Bg3+ 43. Kg5 Rg8+ 44. Bg6 Bh4+ 45. Kh5 Rxh3 0-1